000 00597nmm a2200217 a 4500
003 AR-BaBNM
005 20251128202744.0
008 290020s1964 ||||||||||||||000 | spa||
040 _cAR-BaBNM
100 1 _aVandier, Jacques
245 1 0 _aHistoria de Egipto
_bsuplemento
260 _aBuenos Aires
_bEudeba
_c1964
300 _a74 p.
504 _aEste ejemplar contiene bibliografía y notas de la obra "Historia de Egipto" de E. Drioton
650 4 _aREFERENCIA
650 4 _aHISTORIA ANTIGUA
650 4 _aCIVILIZACIONES ANTIGUAS
651 4 _aEgipto
942 _cBK
998 _cMariana
999 _c423
_d423